书目信息 |
| 题名: |
大学英语四级词汇冲刺
|
|
| 作者: | 弘扬 主编 | |
| 分册: | ||
| 出版信息: | 北京 中国书籍出版社 2002.01 |
|
| 页数: | 371页 | |
| 开本: | 20cm | |
| 丛书名: | 英语应试冲刺丛书 | |
| 单 册: | ||
| 中图分类: | H313.1 | |
| 科图分类: | ||
| 主题词: | 英语--ying yu--词汇--高等学校--教学参考资料 | |
| 电子资源: | ||
| ISBN: | 7-5068-0974-5 | |
| 000 | 01067nam 2200277 450 | |
| 001 | 012008104129 | |
| 005 | 20080316112538.45 | |
| 010 | @a7-5068-0974-5@dCNY16.00 | |
| 100 | @a20080316d2002 km y0chiy0120 ea | |
| 101 | 0 | @achi@aeng |
| 102 | @aCN@b110000 | |
| 105 | @ay z 000yy | |
| 106 | @ar | |
| 200 | 1 | @a大学英语四级词汇冲刺@Ada xue ying yu si ji ci hui chong ci@d= English Vocabulary Sprint for CET 4@f弘扬主编@Fhong yang zhu bian@zeng |
| 210 | @a北京@c中国书籍出版社@d2002.01 | |
| 215 | @a371页@d20cm | |
| 225 | 2 | @a英语应试冲刺丛书@Aying yu ying shi chong ci cong shu |
| 300 | @a参加大学英语四级考试的必备工具书 日常学习的良师益友 | |
| 330 | @a本书单词均按国家教学大纲编排,除注释单词的常用词意外,对较少用的词意给予相应注释,还注意介绍单词的用法和使用场合。 | |
| 410 | 0 | @12001 @a英语应试冲刺丛书 |
| 510 | 1 | @aEnglish Vocabulary Sprint for CET 4@zeng |
| 606 | 0 | @a英语@Aying yu@x词汇@x高等学校@j教学参考资料 |
| 690 | @aH313.1@v4 | |
| 701 | 0 | @a弘扬@Ahong yang@4主编 |
| 801 | 0 | @aCN@bQSSK@c20080316 |
| 905 | @b20284671-73@dH313.1@eH389@f3 | |
| 大学英语四级词汇冲刺= English Vocabulary Sprint for CET 4/弘扬主编.-北京:中国书籍出版社,2002.01 |
| 371页;20cm.-(英语应试冲刺丛书) |
| 参加大学英语四级考试的必备工具书 日常学习的良师益友 |
| ISBN 7-5068-0974-5:CNY16.00 |
| 本书单词均按国家教学大纲编排,除注释单词的常用词意外,对较少用的词意给予相应注释,还注意介绍单词的用法和使用场合。 |
| ● |
| 相关链接 |
|
|
|
正题名:大学英语四级词汇冲刺
索取号:H313.1/H389
 
预约/预借
| 序号 | 登录号 | 条形码 | 馆藏地/架位号 | 状态 | 备注 |
| 1 | 284671 | 202846714 | 语言库209/209语言库 32排3列3层/ [索取号:H313.1/H389] | 在馆 | |
| 2 | 284672 | 202846723 | 语言库209/209语言库 32排3列3层/ [索取号:H313.1/H389] | 在馆 | |
| 3 | 284673 | 202846732 | 语言库209/209语言库 32排3列3层/ [索取号:H313.1/H389] | 在馆 |